000 01129nam a2200217 i 4500
001 151337
003 ES-MaACL
005 20230906203953.0
008 040722s1717 fr a |||| | fre d
040 _aCAM
_bspa
_cCAM
110 2 _aAcadémie des inscriptions et belles-lettres (Francia)
_91230
245 1 0 _aHistoire de l'Academie Royale des Inscriptions et Belles Lettres depuis son establissement jusqu'a present, avec les mémoires de littérature tirez des registres de cette Académie, depuis son renouvellement jusqu'en MDCCX
_b: tome premier.
260 _aA Paris :
_bde l'Imprimerie Royale,
_c1717.
300 _a[20], 384 p., [14] h. de lám. ;
_c4º.
597 _aSign.: []2, a-b4, A-3B4.
597 _aPort. con grab. calc.: "A. Coypel, B. Audran sc."
599 _aFront. calc. escena alegórica: "Ant Coypel inv., N. Pitan Effigien Regis sculp., C. Simonneau sculp."
599 _aLas h. de lám. grab. calc.
610 2 _aAcadémie des inscriptions et belles-lettres (Francia)
_91230
852 _aES-MaACL
_jR-1298-1343
_z-- Enc. piel con superlibris dorado de un león rampante
_x Olim: G-13300-45
999 _c151337
_d151337